MARC details
| 000 -CABECERA |
| campo de control de longitud fija |
01146nam a2200193 a 4500 |
| 001 - NÚMERO DE CONTROL |
| campo de control |
000044524 |
| 005 - FECHA Y HORA DE LA ÚLTIMA TRANSACCIÓN |
| campo de control |
20201002045432.0 |
| 008 - DATOS DE LONGITUD FIJA--INFORMACIÓN GENERAL |
| campo de control de longitud fija |
140704s2009 it ac 000 0 spa d |
| 020 ## - NÚMERO INTERNACIONAL ESTÁNDAR DEL LIBRO |
| Número Internacional Estándar del Libro |
9782940401239 |
| 040 ## - FUENTE DE LA CATALOGACIÓN |
| Centro catalogador/agencia de origen |
DO-SdBNP |
| Lengua de catalogación |
spa |
| Centro/agencia transcriptor |
BNPHU |
| 082 ## - NÚMERO DE LA CLASIFICACIÓN DECIMAL DEWEY |
| Número de clasificación |
xxxx |
| Número de documento/Ítem |
xxxx |
| 245 00 - MENCIÓN DE TÍTULO |
| Título |
Monitoring financial flows for health research 2009 : |
| Resto del título |
behind the global numbers / |
| Mención de responsabilidad, etc. |
edited by Erik Landriault and Stephen A. Matlin. |
| 260 ## - PUBLICACIÓN, DISTRIBUCIÓN, ETC. |
| Lugar de publicación, distribución, etc. |
Geneva, Switzerland : |
| Nombre del editor, distribuidor, etc. |
Global Forum for Health Research, |
| Fecha de publicación, distribución, etc. |
2009. |
| 300 ## - DESCRIPCIÓN FÍSICA |
| Extensión |
xii, 196 p. : |
| Otras características físicas |
ill., maps ; |
| Dimensiones |
27 cm. |
| 504 ## - NOTA DE BIBLIOGRAFÍA, ETC. |
| Nota de bibliografía, etc. |
Bibliography : P. 190-193 |
| 505 0# - NOTA DE CONTENIDO CON FORMATO |
| Nota de contenido con formato |
Ignorance is fatal -- |
| Título |
Comparative study -- |
| -- |
Argentina: Public funding of health research -- |
| -- |
Bolivia: Public funding of health research -- |
| -- |
Chile: Public funding of health research -- |
| -- |
Paraguay: Public funding of health research -- |
| -- |
Uruguay: Public funding of health research -- |
| -- |
Brazil: Financing resource flows in health R&D -- |
| -- |
Cuba: Financing of research and innovation for health -- |
| -- |
The 2009 Report Card on Financing Research and Development for Health. |
| 700 12 - PUNTO DE ACCESO ADICIONAL--NOMBRE DE PERSONA |
| Nombre de persona |
Landriault, Erik, |
| Término indicativo de función/relación |
ed. |
| 9 (RLIN) |
72543 |
| 700 12 - PUNTO DE ACCESO ADICIONAL--NOMBRE DE PERSONA |
| Nombre de persona |
Matlin, Stephen A. |
| Término indicativo de función/relación |
ed. |
| 9 (RLIN) |
72544 |